Movies Quiz

Random Movies Quiz

Best Box Office Streaks Quiz Stats

 Plays Quiz Updated Aug 10, 2017

Support Sporcle.
Go Orange.
Score 0/24 Timer 06:00
0 Plays Today
% Correct
Titanic (15)
97.6%
E.T.: The Extra-Terrestrial (6)
96.4%
Avatar (7)
93.6%
Ghostbusters (7)
88.5%
Back to the Future (8)
88.4%
Rocky IV (6)
84.1%
The Sixth Sense (5)
83.3%
Wayne's World (5)
82.9%
The Silence of the Lambs (5)
80%
Home Alone (12)
79.4%
Crocodile Dundee (9)
78.1%
Rain Man (5)
75.9%
% Correct
Good Morning, Vietnam (9)
74.6%
Beverly Hills Cop (13)
71.5%
Tootsie (13)
65.6%
Look Who's Talking (5)
60.8%
The Fugitive (6)
57.1%
Porky's (8)
44%
On Golden Pond (7)
42.6%
Mr. Mom (5)
33%
Fatal Attraction (8)
30.1%
The Golden Child (5)
27.8%
Stakeout (5)
16.9%
The Secret of My Success (5)
16.8%

You're not logged in!

Compare scores with friends on all Sporcle quizzes.
OR
Log In
Forgot?

From the Vault

Ruined By A Letter: Movies (1970s)

by samc67

Better than being ruined by a sub par plot.
Remove Ads.
Support Sporcle.
Get the best of Sporcle when you Go Orange. This ad-free experience offers more features, more stats, and more fun while also helping to support Sporcle. Thank you for becoming a member.

Show Comments

Extras

Top Quizzes Today


Score Distribution

Your Account Isn't Verified!

In order to create a playlist on Sporcle, you need to verify the email address you used during registration. Go to your Sporcle Settings to finish the process.

Report this User

Report this user for behavior that violates our Community Guidelines.

Details: